European Union law

Saved in:
Bibliographic Details
Main Authors: Horspool, Margot, Humphreys, Matthew James, 1969- (Author)
Format: Book
Language:English
Published: Oxford ; New York : Oxford University Press, 2014.
Edition:8η έκδ.
Series:(Core text series)
Subjects:
Tags: Add Tag
No Tags, Be the first to tag this record!

MARC

LEADER 00000nam a2200000 a 4500
001 1/111585
008 160830s2014####enk| ||| |0|| ||eng||
020 |a 9780199685615  
040 |a GR-MyUa  |b gre  |c GR-MyUa  |e AACR2 
041 0 |a eng 
082 7 |a 341.2422   |2 (23)  
100 1 |a Horspool, Margot. 
245 1 0 |a European Union law /   |c Margot Horspool, Matthew Humphreys.  
250 |a 8η έκδ.  
260 |a Oxford ;   |a New York :   |b Oxford University Press,   |c 2014.  
300 |a cx, 526 σ. ;   |c 26 εκ.  
490 0 |a (Core text series)  
504 |a Περιλαμβάνει βιβλιογραφία και ευρετήριο.  
650 0 |a Law  |z European Union countries. 
700 1 |a Humphreys, Matthew James,   |d 1969-  |e aut 
852 |a INST  |b LESVOS  |c BK  |e 20160830  |h 341.2422 HOR  |p 005100058389  |q 005100058389  |t BK  |y 0 
922 |a 1ΕΛΗ  |b 2016-06  |c Τμήμα Κοινωνιολογίας  |d Δρες 
970 |a Τζαφέρη  |b Ευαγγελία  |z 30-08-2016